Quarterly labour force statistics

Guardado en:
Detalles Bibliográficos
Formato: Seriadas
Lenguaje:inglés
francés
Publicado: Paris OECD
Colección:Statistics
Materias:
Etiquetas: Agregar Etiqueta
Sin Etiquetas, Sea el primero en etiquetar este registro!

MARC

LEADER 00000nas1a2200000 4500
001 s124447
005 20230526075051.0
022 |a 0255-3627 
041 0 |a eng 
041 0 |a fre 
044 |a FR 
245 1 0 |a Quarterly labour force statistics 
264 1 |a Paris  |b OECD 
490 1 |a Statistics 
830 0 |a Statistics 
610 2 0 |a sily pracovné